<?xml version="1.0" encoding="UTF-8"?>
<record
    xmlns:xsi="http://www.w3.org/2001/XMLSchema-instance"
    xsi:schemaLocation="http://www.loc.gov/MARC21/slim http://www.loc.gov/standards/marcxml/schema/MARC21slim.xsd"
    xmlns="http://www.loc.gov/MARC21/slim">

  <leader>04736nam a2200637 i 4500</leader>
  <controlfield tag="001">40992</controlfield>
  <controlfield tag="003">FINmELB</controlfield>
  <controlfield tag="005">20241216221926.0</controlfield>
  <controlfield tag="006">m     o  u        </controlfield>
  <controlfield tag="007">cr cn|||||||||</controlfield>
  <controlfield tag="008">210315s2016    ck abdhfrb    000 0 spa d</controlfield>
  <datafield tag="020" ind1=" " ind2=" ">
    <subfield code="a">9789587839791</subfield>
    <subfield code="q">(e-book)</subfield>
  </datafield>
  <datafield tag="020" ind1=" " ind2=" ">
    <subfield code="z">9789587758306</subfield>
  </datafield>
  <datafield tag="035" ind1=" " ind2=" ">
    <subfield code="a">(OCoLC)1241984415</subfield>
  </datafield>
  <datafield tag="040" ind1=" " ind2=" ">
    <subfield code="a">FINmELB</subfield>
    <subfield code="b">spa</subfield>
    <subfield code="e">rda</subfield>
    <subfield code="c">FINmELB</subfield>
  </datafield>
  <datafield tag="043" ind1=" " ind2=" ">
    <subfield code="a">s-ck---</subfield>
    <subfield code="a">cl-----</subfield>
  </datafield>
  <datafield tag="050" ind1=" " ind2="4">
    <subfield code="a">RA395.C7</subfield>
    <subfield code="b">U774 2016</subfield>
  </datafield>
  <datafield tag="080" ind1=" " ind2=" ">
    <subfield code="a">614</subfield>
  </datafield>
  <datafield tag="082" ind1="0" ind2="4">
    <subfield code="a">362.109861</subfield>
    <subfield code="2">23</subfield>
  </datafield>
  <datafield tag="100" ind1="1" ind2=" ">
    <subfield code="a">Urrego Mendoza, Zulma Consuelo,</subfield>
    <subfield code="d">1969-</subfield>
    <subfield code="e">autor.</subfield>
  </datafield>
  <datafield tag="245" ind1="1" ind2="0">
    <subfield code="a">De protestas, violencias y otras fiebres tropicales :</subfield>
    <subfield code="b">aportes para una historia sociopol&#xED;tica de la salud p&#xFA;blica en Colombia, 1974-2004 /</subfield>
    <subfield code="c">Zulma Consuelo Urrego Mendoza.</subfield>
  </datafield>
  <datafield tag="246" ind1="3" ind2="0">
    <subfield code="a">Aportes para una historia sociopol&#xED;tica de la salud p&#xFA;blica en Colombia, 1974-2004</subfield>
  </datafield>
  <datafield tag="250" ind1=" " ind2=" ">
    <subfield code="a">Primera edici&#xF3;n.</subfield>
  </datafield>
  <datafield tag="264" ind1=" " ind2="1">
    <subfield code="a">Bogot&#xE1; :</subfield>
    <subfield code="b">Universidad Nacional de Colombia. Facultad de Medicina,</subfield>
    <subfield code="c">2016.</subfield>
  </datafield>
  <datafield tag="300" ind1=" " ind2=" ">
    <subfield code="a">1 recurso en l&#xED;nea (321 p&#xE1;ginas) :</subfield>
    <subfield code="b">ilustraciones, diagramas, facs&#xED;miles, mapas</subfield>
  </datafield>
  <datafield tag="336" ind1=" " ind2=" ">
    <subfield code="a">texto</subfield>
    <subfield code="b">txt</subfield>
    <subfield code="2">rdacontent/spa</subfield>
  </datafield>
  <datafield tag="337" ind1=" " ind2=" ">
    <subfield code="a">computadora</subfield>
    <subfield code="b">c</subfield>
    <subfield code="2">rdamedia/spa</subfield>
  </datafield>
  <datafield tag="338" ind1=" " ind2=" ">
    <subfield code="a">recurso en l&#xED;nea</subfield>
    <subfield code="b">cr</subfield>
    <subfield code="2">rdacarrier/spa</subfield>
  </datafield>
  <datafield tag="490" ind1="1" ind2=" ">
    <subfield code="a">Salud p&#xFA;blica y nutrici&#xF3;n humana</subfield>
  </datafield>
  <datafield tag="500" ind1=" " ind2=" ">
    <subfield code="a">Incluye perfil acad&#xE9;mico del autor en la solapa anterior del libro.</subfield>
  </datafield>
  <datafield tag="500" ind1=" " ind2=" ">
    <subfield code="a">Incluye notas a pie de p&#xE1;gina.</subfield>
  </datafield>
  <datafield tag="500" ind1=" " ind2=" ">
    <subfield code="a">"Universidad Nacional de Colombia, 1867" -- cubierta.</subfield>
  </datafield>
  <datafield tag="504" ind1=" " ind2=" ">
    <subfield code="a">Incluye referencias bibliogr&#xE1;ficas (p&#xE1;ginas 289-321).</subfield>
  </datafield>
  <datafield tag="505" ind1="0" ind2=" ">
    <subfield code="a">Cap&#xED;tulo 1 Sobre pol&#xED;tica contestataria en salud p&#xFA;blica: lo que se ha dicho -- Cap&#xED;tulo 2 Una postura personal expl&#xED;cita ante el tema: el enfoque heur&#xED;stico y las estrategias metodol&#xF3;gicas -- Cap&#xED;tulo 3 Incidentes visibles de un asunto secundario, 1974-1982 -- Cap&#xED;tulo 4 Los grandes invisibles olvidados, 1983-1997 -- Cap&#xED;tulo 5 El inm&#xF3;vil tiempo del silencio a voces, 1998-2004 -- Cap&#xED;tulo 6 La huella y el camino: reflexiones finales.</subfield>
  </datafield>
  <datafield tag="520" ind1=" " ind2=" ">
    <subfield code="a">La epidemia de fiebre amarilla que surgi&#xF3; en 2002 en los territorios del Catatumbo nortesantandereano y que se expandi&#xF3; en 2004 hacia la Sierra Nevada de Santa Marta gener&#xF3; protestas desde distintos sectores sociales y cuestionamientos a la Ley 100 de 1993 que ha regido el sector salud del pa&#xED;s en medio de grandes controversias. Esta no fue la primera vez en la historia reciente de Colombia que se present&#xF3; una epidemia de fiebre amarilla de caracter&#xED;sticas similares. La &#xFA;ltima ocurrida en la misma regi&#xF3;n emergi&#xF3; entre 1978 y 1979, y puso en tela de juicio el modelo de salud vigente. Asimismo, otros muchos brotes y epidemias de fiebre amarilla y otras enfermedades transmitidas por vectores (ETV) se han registrado en el territorio nacional, y han dado lugar a correlatos de protesta y cr&#xED;tica al sistema de salud de cada momento. La investigaci&#xF3;n documentada en este libro se propuso ampliar el panorama sobre las interacciones entre pol&#xED;tica y salud p&#xFA;blica en Colombia, analizando las relaciones existentes entre pol&#xED;tica contendiente, tendencias en las pol&#xED;ticas p&#xFA;blicas y procesos de salud enfermedad relacionados con ETV en el contexto colombiano. Este proyecto fue posible gracias al apoyo del Grupo de Investigaci&#xF3;n en Violencia y Salud de la Universidad Nacional de Colombia que se cre&#xF3; en 2005, y al Doctorado en Salud P&#xFA;blica de la misma universidad, que se oferta desde el primer semestre de 2004 como respuesta a las necesidades en salud p&#xFA;blica de Colombia y Latinoam&#xE9;rica.</subfield>
  </datafield>
  <datafield tag="588" ind1=" " ind2=" ">
    <subfield code="a">Descripci&#xF3;n basada en metadatos suministrados por el editor y otras fuentes.</subfield>
  </datafield>
  <datafield tag="590" ind1=" " ind2=" ">
    <subfield code="a">Recurso electr&#xF3;nico. Santa Fe, Arg.: elibro, 2021. Disponible v&#xED;a World Wide Web. El acceso puede estar limitado para las bibliotecas afiliadas a elibro.</subfield>
  </datafield>
  <datafield tag="650" ind1=" " ind2="0">
    <subfield code="a">Public health</subfield>
    <subfield code="z">Colombia</subfield>
    <subfield code="x">History</subfield>
    <subfield code="y">20th century.</subfield>
  </datafield>
  <datafield tag="650" ind1=" " ind2="0">
    <subfield code="a">Public health</subfield>
    <subfield code="z">Colombia</subfield>
    <subfield code="x">History</subfield>
    <subfield code="y">21st century.</subfield>
  </datafield>
  <datafield tag="650" ind1=" " ind2="0">
    <subfield code="a">Public health</subfield>
    <subfield code="x">Social aspects</subfield>
    <subfield code="z">Colombia.</subfield>
  </datafield>
  <datafield tag="650" ind1=" " ind2="0">
    <subfield code="a">Medical policy</subfield>
    <subfield code="z">Colombia.</subfield>
  </datafield>
  <datafield tag="650" ind1=" " ind2="0">
    <subfield code="a">Epidemics</subfield>
    <subfield code="z">Colombia</subfield>
    <subfield code="v">Case studies.</subfield>
  </datafield>
  <datafield tag="650" ind1=" " ind2="4">
    <subfield code="a">Salud p&#xFA;blica</subfield>
    <subfield code="x">Aspectos sociales</subfield>
    <subfield code="z">Colombia</subfield>
    <subfield code="y">1974-2004.</subfield>
  </datafield>
  <datafield tag="650" ind1=" " ind2="4">
    <subfield code="a">Salud p&#xFA;blica</subfield>
    <subfield code="x">Historia</subfield>
    <subfield code="z">Colombia</subfield>
    <subfield code="y">1974-2004.</subfield>
  </datafield>
  <datafield tag="650" ind1=" " ind2="4">
    <subfield code="a">Pol&#xED;tica de salud</subfield>
    <subfield code="z">Colombia</subfield>
    <subfield code="y">1974-2004.</subfield>
  </datafield>
  <datafield tag="650" ind1=" " ind2="4">
    <subfield code="a">Pol&#xED;ticas p&#xFA;blicas de salud.</subfield>
  </datafield>
  <datafield tag="651" ind1=" " ind2="4">
    <subfield code="a">Colombia</subfield>
    <subfield code="x">Aspectos sociales.</subfield>
  </datafield>
  <datafield tag="651" ind1=" " ind2="4">
    <subfield code="a">Am&#xE9;rica Latina</subfield>
    <subfield code="x">Aspectos sociales.</subfield>
  </datafield>
  <datafield tag="655" ind1=" " ind2="4">
    <subfield code="a">Libros electr&#xF3;nicos.</subfield>
  </datafield>
  <datafield tag="797" ind1="2" ind2=" ">
    <subfield code="a">elibro, Corp.</subfield>
  </datafield>
  <datafield tag="830" ind1=" " ind2="0">
    <subfield code="a">Salud p&#xFA;blica y nutrici&#xF3;n humana.</subfield>
  </datafield>
  <datafield tag="856" ind1="4" ind2="0">
    <subfield code="u">https://elibro.net/ereader/politecnicointernacional/129824</subfield>
  </datafield>
  <datafield tag="999" ind1=" " ind2=" ">
    <subfield code="c">40992</subfield>
    <subfield code="d">40992</subfield>
  </datafield>
</record>
